Nord- oder Ostsee? - Statistiken

Allgemein
  • Dieses Quiz wurde 86 mal gespielt
  • Das Durchschnittsergebnis liegt bei 11 aus 15
Antwortstatistiken
Frage Antwort % Korrekt
Eine deutsche Restaurantkette heißt … Nordsee
99%
Die drei am längsten in Deutschland verlaufenden Flüsse münden hier. Nordsee
96%
Hier findet man das größte Wattenmeer der Welt. Nordsee
94%
Hier verlaufen die Nord Stream-Pipelines. Ostsee
91%
Hat mehr Anrainerstaaten. Ostsee
90%
Der nördlichste Punkt Deutschlands befindet sich auf einer Insel in der ... Nordsee
86%
Hier wird zurzeit der Fehmarnbelttunnel gebaut. Ostsee
85%
Ist tiefer. Nordsee
77%
Hat eine größere Stadt an ihrer Küste. Ostsee
76%
Hat eine größere Fläche. Nordsee
69%
Der westlichste Punkt dieses Meeres befindet sich an der deutschen Küste. Ostsee
64%
Die deutsche Küste ist länger. Ostsee
63%
An diesem Meer liegt die "Graue Stadt am Meer". Nordsee
46%
Reicht weiter nach Norden. Ostsee
33%
Vor 30 Jahren gab es hier keine Kegelrobben mehr, heute gibt es 30.000. Ostsee
23%
Keine übereinstimmenden Quizze gefunden
Verteilung der Resultate
Anzahl Personen mit jedem Resultat
Perzentil nach korrekt beantworteten Fragen
Ihre Resultats-Entwicklung
Sie haben dieses Quiz noch nicht gespielt